[Event "Zonal 2.3 Absoluto 2022"]
[Site "San Pedro de Macoris"]
[Date "2022.03.20"]
[Round "1.1"]
[White "De los Santos Nunez, Eddy"]
[Black "Albornoz Cabrera, Carlos Daniel"]
[Result "0-1"]
[WhiteElo "2069"]
[BlackElo "2567"]
[Annotator "TA"]
[PlyCount "66"]
[EventDate "2022.03.20"]
[EventCountry "DOM"]
[SourceTitle "playchess.com"]
[Source "ChessBase"]
[SourceQuality "1"]

{[%evp 10,66,17,5,9,12,10,12,8,13,12,0,2,-36,-18,-17,-18,-18,-19,-4,-8,-49,-39,-71,-79,-71,-72,-70,-70,-76,-60,-43,-46,-68,-58,-57,-12,-7,0,-131,-25,-133,-130,-264,-264,-251,-250,-284,-286,-687,-681,-674,-653,-1135,-1114,-1151,-1142,-909,-873]} 1. e4 c5 2. Nf3 d6 3. c3 Nf6 4. Bd3 Nc6 5. h3 e5 6. Bc2 g6 {6...d5 is the modern continuation. B50: Sicilian: 2...d6, Miscellaneous.} 7. d4 cxd4 8. cxd4 exd4 {The position is equal.} 9. Nxd4 Bg7 10. O-O O-O 11. Nb5 d5 {[#]} 12. exd5 $146 ({Predecessor:} 12. Bf4 dxe4 13. N1c3 Bf5 14. Nd6 Qb6 15. Na4 Qd4 16. Qc1 Nd5 17. Nxf5 gxf5 18. Bd6 {0-1 (57) Bocharov,D (2577)-Artemiev,V (2671) Sochi 2015}) 12... Nxd5 13. N1c3 Be6 {[%cal Bc8e6,Be6d5,Bd5c4][%mdl 32]} 14. Nxd5 Bxd5 15. Nc3 (15. Bb3 $11 Bxb3 16. Qxb3) 15... Bc4 $15 16. Qxd8 Raxd8 17. Re1 Nd4 18. Bd1 b5 19. Bg5 f6 20. Be3 f5 $36 {[%mdl 2048] Black is pushing.} 21. Bg5 $1 Rd7 22. Rc1 h6 (22... Bf7 $15) 23. Be3 $1 $11 Re8 24. Bd2 (24. b3 $11 Bf7 25. Ne2) 24... Ne6 {Black is much more active.} (24... Rxe1+ $17 25. Bxe1 h5) 25. Bf4 Red8 26. Be5 {[#] Now White is beyond hope.} (26. Bh2 $17) 26... Bxe5 $1 $19 27. Rxe5 {[#]} Nf4 $1 {White must now prevent ...Nd3.} 28. Bc2 b4 29. g3 $2 (29. Na4) 29... Nxh3+ {Black is clearly winning.} 30. Kg2 bxc3 31. Kxh3 cxb2 32. Rb1 Rd2 33. Rxb2 Rxf2 {Weighted Error Value: White=0.46/Black=0.10 (very precise)} 0-1

[Event "Zonal 2.3 Absoluto 2022"]
[Site "San Pedro de Macoris"]
[Date "2022.03.20"]
[Round "1.2"]
[White "Ortiz Suarez, Isan Reynaldo"]
[Black "Mendez, Ruddy Antonui"]
[Result "*"]
[WhiteElo "2531"]
[BlackElo "2045"]
[Annotator "TA"]
[PlyCount "25"]
[EventDate "2022.03.20"]
[EventCountry "DOM"]
[SourceTitle "playchess.com"]
[Source "ChessBase"]
[SourceQuality "1"]

{[%evp 20,25,60,52,84,78,72,75]} 1. Nf3 Nf6 2. c4 c5 3. d4 cxd4 4. Nxd4 Nc6 5. g3 d5 6. Bg2 e6 7. O-O Be7 8. Nc3 O-O 9. cxd5 exd5 10. Be3 Bg4 11. h3 {[#]} Nxd4 $146 {D34: Tarrasch Defence: 6 g3 Nf6 7 Bg2 Be7.} ({Predecessor:} 11... Be6 12. Qd3 Ne5 13. Qb5 Nc4 14. Bf4 Nb6 15. Rad1 Qc8 16. Kh2 Rd8 17. Rd3 Nc4 18. Rc1 a6 19. Qb3 {1-0 (29) Bocharov,D (2585)-Ozgibcev,A (2376) Sochi 2017}) 12. Qxd4 Be6 13. Rfd1 *

[Event "Zonal 2.3 Absoluto 2022"]
[Site "San Pedro de Macoris"]
[Date "2022.03.20"]
[Round "1.2"]
[White "Ortiz Suarez, Isan Reynaldo"]
[Black "Mendez, Ruddy Antonio"]
[Result "1-0"]
[WhiteElo "2531"]
[BlackElo "2045"]
[Annotator "TA"]
[PlyCount "47"]
[EventDate "2022.03.20"]
[EventCountry "DOM"]
[SourceTitle "playchess.com"]
[Source "ChessBase"]
[SourceQuality "1"]

{[%evp 20,47,42,40,84,83,82,77,104,105,100,100,100,100,100,100,94,93,111,114,112,110,122,113,136,130,204,208,1120,1081]} 1. Nf3 Nf6 2. c4 c5 3. d4 cxd4 4. Nxd4 Nc6 5. g3 d5 6. Bg2 e6 {[%cal Be7e6,Be6d5][%mdl 32]} 7. O-O Be7 8. Nc3 O-O 9. cxd5 exd5 10. Be3 Bg4 11. h3 {[#]} Nxd4 $146 {D34: Tarrasch Defence: 6 g3 Nf6 7 Bg2 Be7.} (11... Be6 $14 {feels stronger.}) ({Predecessor:} 11... Be6 12. Qd3 Ne5 13. Qb5 Nc4 14. Bf4 Nb6 15. Rad1 Qc8 16. Kh2 Rd8 17. Rd3 Nc4 18. Rc1 a6 19. Qb3 {1-0 (29) Bocharov,D (2585)-Ozgibcev,A (2376) Sochi 2017}) 12. Qxd4 Be6 13. Rfd1 Qd7 {White is better.} 14. Nxd5 Nxd5 15. Bxd5 Bf6 {[#]} 16. Bxe6 $1 Qxe6 17. Qg4 ({Much less strong is} 17. Qb4 b6 $14) 17... Qa6 18. Bd4 {White is more active.} Rac8 19. Bxf6 Qxf6 20. Rd2 {Inhibits Rc2.} b5 21. Rad1 Rc4 22. Qd7 {[%csl LRa7,LRb5]} Qa6 (22... a6 $16 23. Qd6 Qg6) 23. Qe7 $18 {[#] Rd8 would kill now.} f5 $2 (23... Qe6 24. Qxa7 h6) 24. Rd8 {Weighted Error Value: White=0.00 (flawless) /Black=0.21 (precise)} 1-0

[Event "Zonal 2.3 Absoluto 2022"]
[Site "San Pedro de Macoris"]
[Date "2022.03.20"]
[Round "1.3"]
[White "Lugo Roldan, Jean P."]
[Black "Barrientos, Sergio E"]
[Result "0-1"]
[WhiteElo "2037"]
[BlackElo "2468"]
[Annotator "TA"]
[PlyCount "74"]
[EventDate "2022.03.20"]
[EventCountry "DOM"]
[SourceTitle "playchess.com"]
[Source "ChessBase"]
[SourceQuality "1"]

{[%evp 13,74,48,62,63,86,70,67,0,2,-31,-42,-75,-77,-69,-77,-94,-81,-235,-166,-146,-164,-167,-168,-225,-157,-261,-258,-285,-284,-261,-251,-331,-269,-443,-333,-296,-245,-254,-225,-265,-255,-581,-558,-609,-592,-645,-631,-493,-506,-476,-467,-411,-385,-778,-747,-633,-696,-29986,-29987,-29987,-29988,-29997,-29998]} 1. e4 c5 2. Nf3 Nc6 3. d4 cxd4 4. Nxd4 e6 5. Nc3 a6 6. Be3 Nge7 {[%cal Bg8e7,Be7g6,Bg6f4][%mdl 32]} 7. Nb3 b5 8. Bc5 {[#] B46: Sicilian: Taimanov: 5 Nc3 a6.} g6 $146 {[%cal Bg7g6,Bg6g5][%mdl 32]} ({Predecessor:} 8... Ng6 9. Bxf8 Nxf8 10. Qd2 Qe7 11. O-O-O Ng6 12. h4 O-O 13. h5 Nge5 14. h6 g6 15. f4 Nc4 16. Bxc4 bxc4 17. Nd4 Nd8 18. Nf3 {½-½ (18) Nikitin,A (2430)-Taimanov,M (2386) Suzdal 2011}) 9. f4 d5 10. e5 ({Better is} 10. Qd3 $14) 10... g5 $11 11. Qh5 Ng6 12. Bxf8 Nxf4 (12... Rxf8 $6 13. fxg5 Ncxe5 14. O-O-O $11) 13. Qh6 Rxf8 14. O-O-O {[%cal Oc3e4]} (14. g3 Ng6 15. Be2 Qe7 $19) 14... Nxe5 {[%cal Bc6e5,Be5g4,Bg4f2][%mdl 32] Hoping for ...Ng4.} 15. Ne4 $2 {Loses the game.} f6 {Strongly threatening ...Ng4.} 16. g3 {[#]} Ng4 $1 17. Qxh7 {[#]} Qe7 $1 $36 {[%mdl 2048] Keeping White busy.} 18. Qxe7+ Kxe7 19. gxf4 (19. Nec5 $17) 19... dxe4 $19 20. fxg5 Nf2 (20... fxg5 21. Re1 $17) 21. gxf6+ Rxf6 (21... Kxf6 $2 22. Nc5 $19) 22. Bg2 Bb7 ({But not} 22... Nxd1 $2 23. Rxd1 Bb7 24. Nc5 $19) ({Avoid the trap} 22... Nxh1 $2 23. Bxh1 Bb7 24. Nc5 $19) 23. Rde1 (23. Nc5 {was worth a try.} Bc6 24. Rhe1 Nxd1 25. Kxd1) 23... Nxh1 24. Bxh1 Rh8 25. Nc5 Bd5 ({Weaker is} 25... Rxh2 26. Nxb7 e3 27. Be4 $14) 26. Bxe4 Bxe4 27. Rxe4 (27. Nxe4 Rf5 28. Re2) 27... Rxh2 {[%mdl 4096] Endgame ( -> ...Rf1+). KRR-KRN} 28. b4 Rff2 29. Rxe6+ Kf7 30. Rxa6 Rxc2+ 31. Kb1 Rb2+ 32. Kc1 Rbg2 {[%cal Rg2g1]} 33. Ra7+ $2 (33. Rd6) 33... Kf6 {[%cal Rg2g1]} 34. Rd7 Rxa2 {[%cal Ra2a1]} 35. Ne4+ Ke5 {[%cal Ra2a1] Black mates.} 36. Re7+ Kd4 {[%cal Ra2a1]} 37. Nd2 Rh1+ {Weighted Error Value: White=0.73/Black=0.15 (very precise)} 0-1

[Event "Zonal 2.3 Absoluto 2022"]
[Site "San Pedro de Macoris"]
[Date "2022.03.20"]
[Round "1.4"]
[White "Cardoso Cardoso, Jose Gabriel"]
[Black "Orizondo, Hugo"]
[Result "1-0"]
[WhiteElo "2461"]
[BlackElo "2035"]
[Annotator "TA"]
[PlyCount "72"]
[EventDate "2022.03.20"]
[EventCountry "DOM"]
[SourceTitle "playchess.com"]
[Source "ChessBase"]
[SourceQuality "1"]

{[%evp 10,72,16,16,18,15,12,10,13,14,12,12,22,22,23,7,20,13,21,31,51,41,37,48,86,70,110,70,102,63,115,97,112,109,147,138,139,139,139,149,138,147,137,155,312,193,210,183,187,160,164,154,143,140,151,141,190,166,162,163,247,153,1216,1194,1357]} 1. e4 e5 2. Nf3 Nc6 3. Bc4 Nf6 4. d3 Bc5 5. O-O d6 6. c3 a5 {C54: Giuoco Piano: 4 c3 Nf6, main lines with 5 d4 and 5 d3.} 7. Nbd2 {[%cal Bb1d2,Bd2f1,Bf1g3][%mdl 32]} O-O 8. h3 Ba7 {The position is equal.} 9. Re1 Be6 10. Bb5 h6 11. Nf1 Ne7 12. d4 Ng6 13. Ng3 c6 14. Bd3 Qc7 {[%cal Oa5a4]} 15. a4 Rfe8 16. Be3 {[#]} b6 $146 ({Predecessor:} 16... Bb6 17. Qc2 Bd7 18. Qd2 Kh7 19. Nf5 Bxf5 20. exf5 Nf8 21. dxe5 Bxe3 22. Qxe3 dxe5 23. Nxe5 {½-½ (30) Jones,G (2665)-Adams,M (2700) London 2021}) 17. b4 {Black is now going downhill.} Rad8 18. Qc2 Bb8 19. Rab1 Ba7 ({Black should try} 19... exd4 $14 20. cxd4 (20. Nxd4 Bd7 $14) 20... axb4) 20. Rb2 Rb8 21. Reb1 (21. b5 {is more complex.} c5 22. d5 Bc8 23. Qd2 Qd8 24. c4) 21... axb4 22. cxb4 d5 23. dxe5 Nxe5 24. Nxe5 Qxe5 {[#]} 25. f4 $1 ({Don't play} 25. Qxc6 $6 Rbc8 26. Qb5 Bd7 $11) 25... Qc7 {Threatens to win with ...dxe4.} 26. e5 Bc8 $2 (26... b5 $16 {might work better.} 27. Bxa7 Qxa7+ 28. Qf2 Qxf2+ 29. Rxf2 (29. Kxf2 Ne4+ 30. Bxe4 dxe4 $16) 29... Ne4 30. Bxe4 (30. Nxe4 dxe4 31. Bxe4 bxa4 $16) 30... dxe4) 27. Bd4 b5 28. Bxa7 Qxa7+ 29. Qf2 {Active counter play!} Qxf2+ 30. Kxf2 ({Don't take} 30. Rxf2 bxa4 31. exf6 Re3 $16) 30... Nd7 31. axb5 cxb5 32. Nf5 $36 {[%cal Od3b5][%mdl 2048] White is in control.} Nf8 (32... Nb6 $16) 33. Nd4 Bd7 34. Rc1 Rec8 (34... g5 {was called for.}) 35. Rc5 Rc7 $2 {[#]} (35... Ne6 $16) 36. Rxc7 $18 Rc8 {Weighted Error Value: White=0.13 (very precise) /Black=0.22 (precise)} 1-0

[Event "Zonal 2.3 Absoluto 2022"]
[Site "San Pedro de Macoris"]
[Date "2022.03.20"]
[Round "1.5"]
[White "Pinales Roussel, Gabriel"]
[Black "Avila Pavas, Santiago"]
[Result "0-1"]
[WhiteElo "2027"]
[BlackElo "2450"]
[Annotator "TA"]
[PlyCount "100"]
[EventDate "2022.03.20"]
[EventCountry "DOM"]
[SourceTitle "playchess.com"]
[Source "ChessBase"]
[SourceQuality "1"]

{[%evp 9,100,11,28,13,6,13,7,11,9,8,14,3,8,0,0,8,29,-14,0,0,0,0,0,0,0,0,0,0,0,0,0,0,0,-22,-18,-1,0,0,0,0,0,0,0,-31,-30,-79,-76,-70,-68,-140,-147,-137,-145,-146,-109,-164,-75,-93,-89,-193,-214,-349,-336,-312,-272,-522,-317,-301,-305,-307,-306,-418,-410,-423,-421,-543,-526,-549,-527,-490,-389,-845,-803,-29971,-29972,-29973,-29976,-29976,-29977,-29977,-29978,-29975,-6360]} 1. c4 e5 2. g3 Nf6 3. Bg2 c6 4. Nf3 e4 5. Nd4 Qb6 6. Nc2 {A20: English Opening: 1...e5.} d5 7. cxd5 cxd5 8. O-O {The position is equal.} Nc6 9. Nc3 Be6 10. d3 {[%cal Rd3e4]} Rd8 {[#]} 11. Rb1 $146 {[%cal Ob2b4]} ({Predecessor:} 11. b3 Be7 12. Bb2 O-O 13. dxe4 dxe4 14. Qc1 Qa6 15. Qe3 Rfe8 16. Rfd1 Ng4 17. Qxe4 {1-0 (48) Karavade,E (2421)-Pratyusha,B (2289) New Delhi 2016}) 11... Be7 {Prevents b4.} 12. b4 d4 (12... Nxb4 $2 13. Nxb4 Qa5 14. a3 $18 (14. dxe4 dxe4 15. Qc2 Bxb4 $16)) 13. Nxe4 (13. Na4 $142 Qb5 14. Na3) 13... Nxe4 $11 14. Bxe4 Bxa2 15. Rb2 Bd5 16. Bxd5 Rxd5 17. e4 dxe3 18. Nxe3 Rb5 19. d4 $1 {[#] And now d5 would win.} (19. Qg4 O-O $15) 19... O-O (19... Qxd4 20. Rd2 Qxb4 21. Nd5 Rxd5 22. Rxd5 $16) (19... Bxb4 20. d5 Nd4 21. Nc2 $16) 20. d5 Nxb4 (20... Rxb4 $2 21. dxc6 (21. Nc4 Qc5 $16) 21... bxc6 22. Nf5 $18) 21. Nf5 Bf6 22. Qg4 $1 g6 (22... Nxd5 $2 23. Rxb5 Qxb5 24. Nh6+ Kh8 25. Nxf7+ Kg8 26. Nd6 $18) 23. Be3 Qa5 $36 {[%mdl 2048] White is under pressure.} 24. Nh6+ Kg7 $1 ({Don't play} 24... Kh8 25. Bd4 Bxd4 26. Qxd4+ f6 27. Rfb1 $16) 25. Nf5+ Kh8 26. Bd4 Nxd5 27. Qh4 Bxd4 $17 (27... Rxb2 $2 {leads to mate.} 28. Bxf6+ Nxf6 29. Qxf6+ Kg8 30. Nh6#) 28. Qxd4+ f6 29. Rxb5 (29. Nd6 $1 $15 Rxb2 30. Qxb2) 29... Qxb5 30. Nd6 Qc6 31. Ne4 Nb6 32. h4 (32. Re1 $17) 32... Qd5 (32... Nc4 $19 {has better winning chances.} 33. Ra1 Ne5) 33. Qb4 Kg7 34. Re1 (34. Ra1 $17) 34... Re8 $19 35. Re3 (35. f3 $142) 35... Qc4 36. Qb1 {Nd6 is the strong threat.} Qd4 {To avoid Nd6} 37. Qe1 $2 (37. Re1) 37... f5 38. Ng5 {Intending Re7+ and mate.} Rxe3 39. fxe3 Qe5 40. Kf2 Nd5 41. Qd2 Nf6 {Strongly threatening ...h6.} 42. Qd3 h6 43. Nf3 Ne4+ 44. Kf1 Qd6 45. Nd4 $2 (45. Qb1 b6 46. g4) 45... Qxg3 {[%csl Ge4][%cal Rg3f2]} 46. Ne6+ Kf6 {[%csl Ge4][%cal Rg3f2] Black mates.} 47. Qd8+ Kxe6 {[%csl Ge4][%cal Rg3f2]} 48. Qe8+ Kd6 {[%csl Ge4][%cal Rg3f2]} 49. Qb8+ Kc6 {[%csl Ge4][%cal Rg3f2]} 50. Qe8+ Kb6 {Weighted Error Value: White=0.48/Black=0.12 (very precise)} (50... Kc5 $142 51. Qc8+ Kb6 52. Qe6+ Nd6 53. Qb3+ Nb5 54. h5 gxh5 55. Qd3 Qf3+ 56. Kg1 a5 57. Qd8+ Ka6 58. Qa8+ Na7 59. Qe8 Nc6 60. Qa8+ Kb6 61. Qh8 Qxe3+ 62. Kh1 Qe4+ 63. Kh2 Qe5+ 64. Qxe5 Nxe5 65. Kg3 a4 66. Kf4 {[#]} a3 $1 67. Kxe5 a2 68. Kxf5 a1=Q 69. Ke6 h4 70. Kf7 h3 71. Kf8 h2 72. Kf7 h1=Q 73. Kf8 Qf3+ 74. Kg8 Qff6 75. Kh7 Qg7#) 0-1

[Event "Zonal 2.3 Absoluto 2022"]
[Site "San Pedro de Macoris"]
[Date "2022.03.20"]
[Round "1.6"]
[White "Ibarra Chami, Luis Fernando"]
[Black "Castillo Rosa, Kelvin Santiago"]
[Result "1-0"]
[WhiteElo "2451"]
[BlackElo "2000"]
[Annotator "TA"]
[PlyCount "81"]
[EventDate "2022.03.20"]
[EventCountry "DOM"]
[SourceTitle "playchess.com"]
[Source "ChessBase"]
[SourceQuality "1"]

{[%evp 16,81,11,-16,0,0,0,-2,9,8,8,7,16,16,16,10,17,10,61,61,61,59,50,50,54,59,46,47,44,43,68,56,74,74,109,115,181,181,181,163,175,172,157,130,197,183,207,186,189,149,150,158,147,124,125,131,83,89,98,74,83,0,1072,1027,1004,929,731,560]} 1. c4 Nf6 2. Nc3 e5 3. Nf3 Nc6 4. g3 Bc5 5. Bg2 d6 6. O-O O-O 7. d3 h6 8. a3 a5 9. Bd2 Be6 {A29: English Opening: Four Knights Variation with 4 g3.} 10. Ne1 Qd7 {[#]} 11. Nd5 $146 ({Predecessor:} 11. Nc2 Bh3 12. Ne3 Bxg2 13. Kxg2 Ne7 14. Ned5 Nfxd5 15. cxd5 f5 16. f4 Ng6 17. e4 exf4 18. Bxf4 Bd4 19. Qa4 Qxa4 20. Nxa4 Rae8 {½-½ (20) Finke,D (1999)-Cavasin,J (1923) Nordrheinwestfalen 2019}) 11... Nh7 {The position is equal.} (11... Bxd5 {keeps more tension.} 12. cxd5 Ne7 13. e4 c6 14. dxc6 Nxc6 15. Nf3 Rfe8) 12. b4 axb4 13. axb4 Rxa1 14. Qxa1 Bxd5 15. Bxd5 Nxb4 16. Bxb7 c6 (16... Nc6 $11) 17. Bxb4 $14 Bxb4 18. Qa6 Bxe1 19. Rxe1 c5 20. Rb1 {[%cal Be1b1,Bb1b5,Bb5b7][%mdl 32]} Rb8 21. Rb5 Qc7 22. Be4 (22. Qa2 {feels hotter.} Nf6 23. Bf3 g6 24. Qb2 Nd7 25. Kg2) 22... Nf8 23. Qc6 {White is much more active.} (23. Qa4 {is interesting.} Nh7 24. Qb3 Rf8 25. Rb7 Qa5 26. Kg2) 23... Qxc6 24. Bxc6 {[%mdl 4096] Endgame KRB-KRN} Rd8 {[#]} 25. Rb7 $1 Ne6 (25... g5 $16) 26. Bd5 $18 Kf8 27. Kg2 Ra8 28. Rd7 Ra6 29. e3 Rb6 (29... g5 $16) 30. h4 Ra6 31. Kf3 Rb6 32. Ke4 {Strongly threatening h5.} g6 33. f4 exf4 34. gxf4 ({Much weaker is} 34. exf4 $6 f5+ 35. Ke3 Nd4 $11) 34... Ra6 35. f5 gxf5+ 36. Kxf5 Ng7+ 37. Kg4 Ne6 38. Kf5 ({White should play} 38. Kh5 $16) 38... Ke8 $2 {[%mdl 8192] [#]} (38... Ng7+ $11 39. Kf4 Ne6+ 40. Ke4 Ke8 41. Bxe6 (41. Rb7 Nd8 $14) 41... fxe6) 39. Bxe6 {White is clearly winning.} fxe6+ 40. Kxe6 d5+ 41. Rd6 {Weighted Error Value: White=0.10 (very precise) /Black=0.11 (very precise)} 1-0

[Event "Zonal 2.3 Absoluto 2022"]
[Site "San Pedro de Macoris"]
[Date "2022.03.20"]
[Round "1.7"]
[White "Mora Munoz, Alejandro"]
[Black "Sanchez Alvarez, Roberto Carlos"]
[Result "0-1"]
[WhiteElo "1998"]
[BlackElo "2407"]
[Annotator "TA"]
[PlyCount "82"]
[EventDate "2022.03.20"]
[EventCountry "DOM"]
[SourceTitle "playchess.com"]
[Source "ChessBase"]
[SourceQuality "1"]

{[%evp 21,82,-7,0,0,32,-68,-64,-73,-76,-80,-76,-68,-70,-63,-27,-73,-56,-95,-85,-193,-187,-197,-188,-196,-193,-184,-202,-207,-207,-192,-197,-201,-210,-197,-160,-381,-312,-385,-312,-368,-287,-270,-235,-449,-450,-439,-434,-463,-452,-471,-471,-478,-475,-538,-534,-503,-496,-626,-633,-623,-605,-610,-525]} 1. e4 c5 2. Nf3 d6 3. d4 cxd4 4. Nxd4 Nf6 5. Nc3 a6 6. f3 e5 7. Nb3 Be6 8. Be3 Be7 9. Qd2 O-O 10. O-O-O Nbd7 11. Kb1 b5 {[%cal Bb7b5,Bb5b4][%mdl 32]} 12. g4 {B90: Sicilian Najdorf: Unusual White 6th moves, 6 Be3 Ng4 and 6 Be3 e5.} Nb6 (12... b4 $5 {[%cal Rb4c3]} 13. Na4 Rb8 $11) 13. h4 (13. g5 $14 Nfd7 14. Nd5) 13... b4 $15 14. Bxb6 {Black is slightly better.} Qxb6 15. Nd5 Bxd5 16. exd5 a5 {[%cal Ba6a5,Ba5a4,Ba4a3][%mdl 32]} 17. Nc1 {[#]} Rac8 $146 ({Predecessor:} 17... Rfc8 18. Bd3 a4 19. g5 Nh5 20. Bf5 Rc5 21. Ne2 g6 22. Be4 Rac8 23. Rc1 Rc3 {½-½ (62) Sadvakasov,D (2595)-Bologan,V (2673) Skanderborg 2003}) 18. Bd3 (18. g5 $11 Nh5 19. Bh3) 18... Rc5 19. Nb3 {White is on the road to losing.} Rc7 ({Much less strong is} 19... Rxd5 20. g5 Rxd3 21. cxd3 $16 (21. Qxd3 Nh5 $14)) 20. Rh2 (20. g5 $17 {was worth a try.} Nh5 21. Nc1) 20... a4 $19 21. Nc1 {[#]} a3 $1 {Hoping for ...axb2.} 22. b3 Qd4 $40 {[%csl Ga3][%cal Rd4b2][%mdl 128] Black attacks with force.} 23. c4 bxc3 24. Qc2 {[%cal Od3h7] [#] Strongly threatening Bxh7+!} Qc5 $1 25. Be4 Nxe4 26. fxe4 Qe3 {To avoid Rh3} 27. Rf1 Rb8 {...Rb4 is the strong threat.} 28. Rhf2 $2 (28. Qd3 $17 Qxd3+ 29. Nxd3) 28... Bxh4 29. Rf3 Qd2 30. Rd3 Qxc2+ 31. Kxc2 Rb4 32. Rxc3 $2 (32. Rh3 Bg5 33. Re1) 32... Rxc3+ {Black is clearly winning.} 33. Kxc3 Rxe4 {[%mdl 4096] Endgame KRB-KRN} 34. b4 Be1+ 35. Kb3 Bxb4 36. Nd3 Ba5 37. Rc1 {White wants to mate with Rc8+.} h5 38. gxh5 Rd4 {[%csl LRd3,LRd5]} 39. Rc8+ Kh7 40. Nc1 f5 41. Kxa3 Rxd5 {Weighted Error Value: White=0.43/Black=0.11 (very precise)} 0-1

[Event "Zonal 2.3 Absoluto 2022"]
[Site "San Pedro de Macoris"]
[Date "2022.03.21"]
[Round "2.1"]
[White "Albornoz Cabrera, Carlos Daniel"]
[Black "Araujo Sanchez, Josue"]
[Result "1-0"]
[WhiteElo "2567"]
[BlackElo "2264"]
[Annotator "TA"]
[PlyCount "65"]
[EventDate "2022.03.20"]
[EventCountry "DOM"]
[SourceTitle "playchess.com"]
[Source "ChessBase"]
[SourceQuality "1"]

{[%evp 11,65,14,50,18,8,20,42,23,18,10,25,0,13,30,22,17,19,18,56,26,67,65,90,79,89,72,82,100,89,83,142,134,142,136,141,139,182,173,183,171,197,189,198,166,261,252,285,300,297,298,300,300,288,293,481,479]} 1. e4 c5 2. Nf3 d6 3. d4 cxd4 4. Nxd4 Nf6 5. Nc3 a6 6. Bg5 Nc6 7. Nxc6 {B60: Sicilian: Richter-Rauzer: Unusual Black 6th moves and 6...Bd7 without 7 Qd2.} bxc6 8. Bc4 Qa5 9. Bd2 {[%cal Oc3d5] White is slightly better.} Qc7 {[#]} 10. Qe2 $146 ({Predecessor:} 10. O-O g6 11. h3 Bg7 12. Bg5 O-O 13. Re1 h6 14. Bf4 Nd7 15. Qd2 Kh7 16. Na4 {½-½ (32) Henri,C (1948)-Modliba,F (2051) ICCF email 2011}) 10... g6 11. O-O-O {[%cal Oe4e5]} Bg7 12. h4 h5 13. e5 $1 dxe5 14. Rhe1 Ng4 15. Ne4 (15. f3 $5 {[%cal Rf3g4]}) 15... Nh6 (15... Bf5 $1 $11 {feels stronger.}) 16. Ng5 $36 {[%mdl 2048] White fights for an advantage.} O-O {Black is now going downhill.} 17. Bc3 Kh8 18. Bxe5 Bxe5 19. Qxe5+ Qxe5 20. Rxe5 {[%cal Be1e5,Be5c5,Bc5a5][%mdl 32]} Ra7 (20... f6 $142 21. Ne6 (21. Rxe7 fxg5 22. hxg5 Ng8 $11) 21... fxe5 22. Nxf8 Bg4 23. Nxg6+ Kg7) 21. Rde1 $16 {White is much more active.} e6 22. Rc5 Rc7 23. Rd1 Nf5 {[#]} (23... Bb7 $16 24. Ne4 Kg7) 24. g3 $1 $18 Kg7 25. Ne4 Re8 26. Ra5 e5 27. c3 (27. Bxa6 Ra7 $11) 27... f6 (27... Nh6 $142 28. Nd6 (28. Bxa6 Bg4 $16) 28... Ree7) 28. b4 ({Stronger than} 28. Bxa6 Ra7 $11) 28... Ra7 29. a4 Rc7 30. Bxa6 Be6 31. Nd6 Nxd6 32. Rxd6 e4 $2 {[#]} (32... Kf7 {was worth a try.} 33. Rc5 Bd7) 33. Rc5 {Weighted Error Value: White=0.07 (flawless) /Black=0.27 (precise)} 1-0